| 000 | 01012nam a2200265Ia 4500 | ||
|---|---|---|---|
| 003 | OSt | ||
| 005 | 20221005111700.0 | ||
| 006 | a|||||r|||| 00| 0 | ||
| 007 | ta | ||
| 008 | 221004b |||||||| |||| 00| 0 snd d | ||
| 020 | _c120 | ||
| 024 | _a122821 | ||
| 037 |
_b051, 30/03/2012, Sindhi Academy, Delhi _cTextual |
||
| 040 |
_aCRL _cCRL _bsnd |
||
| 041 |
_2snd _asnd |
||
| 082 | _aO1593v, P6 | ||
| 100 | _aजैतली, मुरलीधर कृष्णचन्द्र | ||
| 245 | 0 | _aसिन्धी साहित्य जो इतिहासु | |
| 246 | _aSindhī sāhitya jo itihāsu | ||
| 260 |
_aफै़जाबाद _bसिन्धी बुक ट्रस्ट भारत _c2006 |
||
| 300 |
_a240पृ0 _ccm. |
||
| 650 | _aसिन्धी साहित्य | ||
| 942 |
_hO1593v, P6 _cTEXL _2cc |
||
| 999 |
_c1022569 _d1022569 |
||